| 000 | 00671nam a2200217 u 4500 | ||
|---|---|---|---|
| 005 | 20240809063823.0 | ||
| 008 | 071009s2007 mx r 000 0 spa d | ||
| 020 | _a9707562358 | ||
| 035 | _aUPN01000152771 | ||
| 049 | _aI | ||
| 050 | 4 |
_aPZ71 _bF4.6 |
|
| 100 | 1 |
_aFerrari, Virginia, _d1949- _938239 |
|
| 245 | 1 | 0 |
_aUn ojo al gato y otro a -- : _blas frutas / _cVirginia Ferrari ; il. Alvaro Pemper. |
| 260 |
_aMéxico : _bCorreo del Maestro, _cc2007. |
||
| 300 |
_a[15] p. : _bprincipalmente il. col. |
||
| 440 | 3 | _aUn ojo al gato... | |
| 650 | 4 |
_aLibros y lectura para niños _92290 |
|
| 650 | 4 |
_aFrutas _99525 |
|
| 700 | 1 |
_aPemper, Alvaro, _eil. |
|
| 905 | _aInfantil | ||
| 999 |
_c124894 _d124894 |
||